| 000 | 00856cam a2200253 a 4500 | ||
|---|---|---|---|
| 005 | 20131104080820.0 | ||
| 008 | 081218s2009 dcua b i001 0 eng | ||
| 020 | _a9780821378120 | ||
| 041 | 0 | _aeng | |
| 080 |
_a330.322 _x(676.2) |
||
| 100 | 1 | _aIarossi, Giuseppe. | |
| 245 | 1 | 3 |
_aAn assessment of the investment climate in Kenya / _cGiuseppe Iarossi. |
| 260 |
_aWashington, DC : _bWorld Bank, _c2009. |
||
| 300 |
_a 121 f. : _bme ill. ; _c23 cm. |
||
| 490 | 1 | _aDirections in development. Private sector development | |
| 504 | _aReferences : f. 113 - 115 | ||
| 504 | _aIndex : f. 117 - 121 | ||
| 650 | 0 |
_aInvestimet _zKenya |
|
| 650 | 0 |
_andërmarrjet biznesore _zKenya |
|
| 650 | 0 |
_aCorporate culture _zKenya. |
|
| 830 | 0 | _aDirections in development (Washington, D.C.) | |
| 830 | 0 | _aDirections in development (Washington, D.C.). | |
| 942 |
_2udc _cBK |
||
| 999 |
_c237 _d237 |
||